LEADER 01271nam0-2200385---45-- 001 990000281360203316 005 20001018000000.0 035 $a0028136 035 $aUSA010028136 035 $a(ALEPH)000028136USA01 035 $a0028136 100 $a20001021d2000----km-yaita-0103----ba 101 $aita 102 $aIT 105 $aa|||||||001yy 200 1 $aTerre lombarde$estudi per un eco-programma in aree bergamasche e bresciane$fa cura di Pier Luigi Paolillo 210 $a[Milano]$cGiuffráe$d2000 215 $aLVI, 447 p.$cill.$d25 cm 300 $aIn testa al front.: Regione Lombardia, Direzione generale tutela ambientale 606 $aPainificazione ambientale$xBrescia 606 $aPianificazione ambientale$yBergamo 676 $a711.42 702 1$aPAOLILLO,$bPier Luigi 712 02$aREGIONE LOMBARDIA$bDirezione generale tutela ambientale 801 0$aIT$bUNPD$c20001018$gRICA 912 $a990000281360203316 951 $a711.42 TER$b25495/G$c711$d00003293 959 $aBK 969 $aTEC 979 $aTAMI$b40$c20001025$lUSA01$h1156 979 $c20001110$lUSA01$h1716 979 $c20020403$lUSA01$h1636 979 $aPATRY$b90$c20040406$lUSA01$h1620 996 $aTERRE lombarde$9121480 997 $aUNISA LEADER 02625cam0-22004211i-450 001 990009816030403321 005 20190410125844.0 012 $aella 7622 s-o: laAn (3) 1590 (R)$2fei$5IT-NA0105 035 $a000981603 035 $aFED01000981603 035 $a(Aleph)000981603FED01 035 $a000981603 100 $a20140128d1590----km-y0itay50------ba 101 0 $aita 102 $aIT 140 $aa-----------------bb0------- 200 1 $aAggiunta al vago, e diletteuole giardino del R. padre Luigi Contarini crucifero, dall'istesso auttore nouamente composta, nella quale si leggono, Il computo de gli anni del mondo. Gli essempi di virtù, & vitij de gli huomini. Alcuni prencipi, i quali amarono molto i virtuosi ... 210 $aIn Vicenza$cper gli heredi di Perin Libraro$d1590 215 $a[12], 123, [1] c.$d4° 306 $aMarca (Z55) sul front. 307 $aSegn.: ?A? 2?? A-P? Q?. - C. B4 erroneamente segnata C4. - C. 67 erroneamente numerata 57 e la c. 69 erroneamente numerata 36 316 $aMutilo del fasc. 2??, erroneamente rilegato dopo il fasc. ?? de: Il vago, e diletteuole giardino, oue si leggono gli infelici fini de molti huomini illustri. I varij, & mirabili essempi di virtù, & vitij degli huomini. I fatti, & la morte de' profeti. ... Raccolto dal padre Luigi Contarino crucifero$5IT-NA0105: SG 850/B 108 (2) 316 $aPiatto anteriore staccato$5IT-NA0105: SG 850/B 108 (2) 316 $aLegato con: Il vago, e dilettevole giardino, ove si leggono gli infelici fini de molti huomini illustri. I varij, & mirabili essempi di virtù, & vitij degli huomini. I fatti, & la morte de' profeti. ... Raccolto dal padre Luigi Contarino crucifero$5IT-NA0105: SG 850/B 108 (2) 321 $aEDIT16,$cCNCE 13148 422 0$1001990005005140403321 620 $aItalia.$dVicenza 676 $a858$v22$zita 700 1$aContarini,$bLuigi$0494834 719 00$aPerin$ceredi$4650 801 0$aIT$bUNINA$gRICA$2UNIMARC 856 4 $zVisualizza la versione elettronica in SBNWeb$uhttps://books.google.it/books?id=3m1X12IOu8gC&printsec=frontcover&hl=it&source=gbs_ge_summary_r&cad=0#v=onepage&q&f=false$e20190410 901 $aAQ 912 $a990009816030403321 952 $aSG 850/B 108 (2)$bBib. 43.412$fFLFBC 959 $aFLFBC 996 $aAggiunta al vago, e diletteuole giardino del R. padre Luigi Contarini crucifero, dall'istesso auttore nouamente composta, nella quale si leggono, Il computo de gli anni del mondo. Gli essempi di virtù, & vitij de gli huomini. Alcuni prencipi, i quali amarono molto i virtuosi ..$9835241 997 $aUNINA